The Secret Life of Cows : (Record no. 584892)

MARC details
000 -LEADER
fixed length control field 00448nam a2200181 a 4500
008 - FIXED-LENGTH DATA ELEMENTS--GENERAL INFORMATION
fixed length control field 250901s2007##################000#0#eng##
020 ## - INTERNATIONAL STANDARD BOOK NUMBER
ISBN 9780740763113
082 04 - DEWEY DECIMAL CLASSIFICATION NUMBER
Classification number 779.092
Item number WEX
100 1# - MAIN ENTRY--AUTHOR NAME
Personal name Wexler, Glen,
245 10 - TITLE STATEMENT
Title The Secret Life of Cows :
260 ## - PUBLICATION, DISTRIBUTION, ETC. (IMPRINT)
Name of publisher Andrews McMeel Publishing,
Year of publication 2007.
650 #0 - SUBJECT ADDED ENTRY--TOPICAL TERM
Topical Term Humor.
942 ## - ADDED ENTRY ELEMENTS (KOHA)
Koha item type English Books
Holdings
Withdrawn status Lost status Damaged status Not for loan Home library Current library Shelving location Date acquired Full call number Accession Number Price effective from Koha item type
        Anna Centenary Library Anna Centenary Library 6TH FLOOR, B WING 01.09.2025 779.092 WEX 456707 01.09.2025 English Books

Find us on the map